Ga door naar de inhoud

История византийского искусства и иконографии по миниатюрам греческих рукописей

Классическое произведение, относящееся к общественному достоянию.

Bewaard in:
Bibliografische gegevens
Hoofdauteur: Кондаков Н. П.
Formaat: Книга
Taal:Russian
Gepubliceerd in: Санкт-Петербург Лань 2013
Onderwerpen:
Online toegang:http://e.lanbook.com/books/element.php?pl1_cid=25&pl1_id=32062
https://e.lanbook.com/img/cover/book/32062.jpg
Tags: Voeg label toe
Geen labels, Wees de eerste die dit record labelt!
LEADER 01165nam0a2200253 i 4500
001 32062
003 RuSpLAN
005 20221220173915.0
008 221220s2013 ru gs 000 0 rus
020 |a 978-5-507-31058-6 
040 |a RuSpLAN 
041 0 |a rus 
044 |a ru 
245 0 0 |a История византийского искусства и иконографии по миниатюрам греческих рукописей  |c Кондаков Н. П. 
260 |a Санкт-Петербург  |b Лань  |c 2013 
300 |a 277 с. 
504 |a Библиогр.: доступна в карточке книги, на сайте ЭБС Лань 
520 8 |a Классическое произведение, относящееся к общественному достоянию. 
521 8 |a Книга из коллекции Лань - Искусствоведение 
653 0 |a искусствоведение 
100 1 |a Кондаков Н. П. 
856 4 |u http://e.lanbook.com/books/element.php?pl1_cid=25&pl1_id=32062 
856 4 8 |u https://e.lanbook.com/img/cover/book/32062.jpg 
953 |a https://e.lanbook.com/img/cover/book/32062.jpg 
Cannot write session to /tmp/vufind_sessions/sess_tr8gm1ppd7ttl4v93dobaooc6u